000 00449nam a2200145Ia 4500
008 230917s9999||||xx |||||||||||||| ||und||
040 _e174164
_aMAIN
041 _aEnglish
082 _a891.437741 CG396D
100 _aचतुर्वेदी, गोपाल
245 0 _aदाँत में फंसी कुरसी
260 _aदिल्ली
_bप्रभात प्रकाशन
_c1996
300 _a167 p.
942 _cHN
999 _c90792
_d90792